Osobnosť tvorivo-humánneho učiteľa

Osobnosť učiteľa ‒ tvorba atmosféry a dôvery v triede. Úroveň vedomostí, kvalít žiakov a ich ovplyvňovanie kvalitami, mravným rozmerom a pedagogickým taktom učiteľa, s ktorým prichádzajú do kontaktu.

Na minha lista:
Detalhes bibliográficos
Autor principal: Písečná, Katarína
Formato: Capítulo de Livro
Idioma:eslovaco
Assuntos:
Tags: Adicionar Tag
Sem tags, seja o primeiro a adicionar uma tag!

MARC

LEADER 00000naa a2200000 4500
001 0234942
005 20220805075817.9
041 0 |a slo 
044 |a SK 
245 1 0 |a Osobnosť tvorivo-humánneho učiteľa  |c Katarína Písečná 
520 |a Osobnosť učiteľa ‒ tvorba atmosféry a dôvery v triede. Úroveň vedomostí, kvalít žiakov a ich ovplyvňovanie kvalitami, mravným rozmerom a pedagogickým taktom učiteľa, s ktorým prichádzajú do kontaktu. 
610 2 0 |a pedagogika 
610 2 0 |a didaktika 
610 2 0 |a kvalita vzdelávania 
610 2 0 |a sústava výchovno-vzdelávacia 
610 2 0 |a psychológia humanistická 
610 2 0 |a vyučovanie 
610 2 0 |a vedomosti 
100 1 |a Písečná, Katarína